000 00344nam a2200121Ia 4500
008 220204s9999 xx 000 0 und d
082 _a546.49
_bFRI;1
245 0 _aMercury in the environment: An epidemiololgical and toxicological appraisal
260 _aOhio
_bCRC
_c1972
700 _aFriberg, Las
700 _aVostal, Jaroslav
942 _cBK
999 _c34472
_d34472